000
00477nam a2200145Ia 4500
008
151213s9999 xx 000 0 und d
100
_a
আব্দুস সোবহান।
245
_a
প্রসঙ্গিক - অপ্রাসঙ্গিক।
_c
আব্দুস সোবহান।
260
_a
ঢাকা
_c
1995
300
_a
8791 p.
650
_a
Bangla
650
_a
গল্প
700
_a
আব্দুস সোবহান।
999
_c
4576
_d
4576